000 00725nam a2200289Ia 4500
005 20260324130521.0
008 008 260324s9999 xx 000 0 eng d
020 _a9781003151234
037 _aEBOOK
040 _aCRL
040 _beng
040 _cCRL
041 _2eng
041 _aeng
084 _qCRL
100 _aBarney L. Capehart; Lynne C. Capehart
_91182082
245 0 _aWeb Based Enterprise Energy and Building Automation Systems
245 0 _bDesign and Installation
260 _bTaylor and Francis
260 _c2007
365 _a
365 _b380
856 _uhttp://www.taylorfrancis.com/books/9781003151234
942 _cEBOOK
999 _c1778306
_d1778306